00785cam a22002171 4500001000400000003000800004005001700012008004100029035001800070035001900088040004300107041000800150082002000158100003500178245013900213260005700352300002400409504003200433650005500465700004700520863BD-RjUL20211208233235.0131123s1965 enk b 000 0 eng  a(BD-RjUL) 885 a(OCoLC)1421047 aDLCcOTUdOCoLCdUkdDLCdBD-RjULbeng aeng a027.7bSMC 19651 aSmith, Denison Langley,d1924-10aCollege library administration in colleges of technology, art, commerce, and further education /c[by] D. L. Smith [and] E. G. Baxter. aLondon;aNew York :bOxford University Press,c1965. avii, 185 p.c23 cm. aBibliography: p. [176]-182. 0aAcademic librarieszGreat BritainxAdministration.1 aBaxter, Eric George,d1918-ejoint author.